000 01120nac a22003737a 4500
001 BR2012005298
003 BR-BrBNA
005 20240105123940.0
008 230509b bl.|||m| |||| 00| 0 por d
040 _aBR-BrBNA
_bpor
_cBiblioteca Nacional de Agricultura
072 _aF30
090 _a0337 BR2012005298
100 1 _aCarvalho, C.G.P. de
100 1 _aGrunvald, A.K.
100 1 _aGonçalves, S.L.
100 1 _aGodinho, V. de P.C.
100 1 _aOliveira, A.C.B. de
100 1 _aAmabile, R.F.
100 1 _aRamos, N.P.
100 1 _aBrighenti, A.M.
100 1 _aCarvalho, H.W.L.de
110 1 _aEMBRAPA Soja, Londrina, PR (Brasil)
245 1 _aInformes da avaliação de genótipos de girassol 2010/2011 e 2011
260 3 _aLondrina, PR (Brasil):
_c2012.
300 _a98 p.
490 _aDocumentos - EMBRAPA Soja (Brazil)
_vno. 329
_xISSN 1516-781X
500 _a72 tables
650 _aGIRASSOL
650 _aGENOTIPO
650 _aCARACTERÍSTICAS AGRONÔMICAS
650 _aPESQUISA AGRÍCOLA
909 _a202312
_bLúcia Elande
_c55
_dLúcia Elande
942 _2AGRIS
_n0
_cMS
999 _c297684
_d297684